[Event "54. Miedzynarodowy Festiwal Szachowy im. Akiby Rubinsteina<br/>OPEN A "]
[Site "Polanica-Zdroj"]
[Date "1899-12-30"]
[Round "5.25"]
[White "Rogacewicz, Mikolaj"]
[Black "Kawalko, Adam"]
[Result "0-1"]
[WhiteTitle "I+"]
[BlackTitle "I"]
[WhiteElo "2009"]
[BlackElo "1869"]

1. d4 Nf6 2. c4 c5 3. d5 e6 4. Nc3 exd5 5. cxd5 d6 6. e4 g6 7. f4 Bg7 8. Bb5+ Nfd7
9. a4 Qh4+ 10. g3 Qe7 11. Nf3 O-O 12. O-O Na6 13. e5 Nb4 14. Re1 a6 15. Bf1 dxe5
16. Bc4 Nb6 17. d6 Qd8 18. Bf1 Bg4 19. Bg2 c4 20. a5 Nd7 21. Nd5 Nd3 22. Re4 N7c5
23. Rxc4 Qxd6 24. Nb6 e4 25. Be3 exf3 26. Bxc5 Qxc5+ 27. Rxc5 f2+ 28. Kf1 Bxd1
29. Rd5 Rae8 30. Rxd3 Be2+ 0-1

[Event "54. Miedzynarodowy Festiwal Szachowy im. Akiby Rubinsteina<br/>OPEN A "]
[Site "Polanica-Zdroj"]
[Date "1899-12-30"]
[Round "5.26"]
[White "Konieczynski, Piotr"]
[Black "Banaszkiewicz, Mikolaj"]
[Result "0-1"]
[WhiteTitle "I++"]
[BlackTitle "I"]
[WhiteElo "1897"]
[BlackElo "1984"]

1. d4 Nf6 2. Nf3 e6 3. c4 Bb4+ 4. Bd2 c5 5. Nc3 O-O 6. g3 Nc6 7. a3 Bxc3 8. Bxc3
Ne4 9. Qc2 f5 10. Bg2 cxd4 11. Nxd4 Qb6 12. e3 Qc5 13. Nxc6 Qxc6 14. Qd3 d5 15.
cxd5 exd5 16. Bd4 Be6 17. O-O Rac8 18. Bxa7 d4 19. Qxd4 Qc2 20. Qe5 Rfe8 21. Bxe4
fxe4 22. Bd4 Re7 23. Qg5 Rf7 24. Qh4 Rcf8 25. f4 exf3 26. Rf2 Qf5 27. Rc1 Bd5
28. Qf4 Rc8 29. Bc3 Qe6 30. Qd4 Rc4 31. Qa7 b6 32. Qb8+ Rc8 33. Qf4 Rxf4 34. exf4
Qe3 35. Re1 Qc5 36. Rd1 Re8 37. Bd4 Qc6 38. Be5 Kf7 39. Rfd2 Be6 40. Kf2 Rc8 41.
Rd6 Qe4 42. R1d2 Rc1 43. R6d4 Qb7 44. R4d3 Bh3 45. Rd5 Qc6 46. Bc3 Rf1+ 47. Ke3
Re1+ 48. Kf2 Re2+ 49. Rxe2 fxe2 50. Re5 Qg2+ 51. Ke1 Qf1+ 52. Kd2 Qd1+ 0-1

[Event "54. Miedzynarodowy Festiwal Szachowy im. Akiby Rubinsteina<br/>OPEN A "]
[Site "Polanica-Zdroj"]
[Date "1899-12-30"]
[Round "5.27"]
[White "Ochmann, Reimund"]
[Black "Turski, Bartlomiej"]
[Result "0-1"]
[WhiteTitle ""]
[BlackTitle "I"]
[WhiteElo "2009"]
[BlackElo "1830"]

1. e4 c5 2. Nc3 Nc6 3. f4 g6 4. Nf3 Bg7 5. Bb5 Nd4 6. O-O a6 7. Be2 d6 8. Kh1 e6
9. a4 b6 10. d3 Ne7 11. Nxd4 cxd4 12. Nb1 O-O 13. Nd2 Bb7 14. Qe1 f5 15. Qg3 e5
16. Nf3 fxe4 17. Ng5 exd3 18. Bxd3 Bd5 19. Qh3 h6 20. Ne6 Bxe6 21. Qxe6+ Kh7 22.
Bd2 Rf6 23. Qh3 Qc8 24. Qg3 Nf5 25. Qe1 Qc7 26. g4 Ne3 27. Bxe3 dxe3 28. Qxe3
exf4 29. Qe4 Rd8 30. Bxa6 d5 31. Qg2 f3 32. Qd2 Rf4 33. Bd3 Bxb2 34. Rab1 Bg7
35. Rb4 Rdf8 36. Rxf4 Rxf4 37. h4 Rf8 38. Qf2 Rf6 39. Qh2 Qd7 40. Bb5 Qe7 41.
Qf2 Rf4 42. Re1 Qf7 43. Be8 Qf6 44. Bb5 Qf8 45. Qxb6 0-1

[Event "54. Miedzynarodowy Festiwal Szachowy im. Akiby Rubinsteina<br/>OPEN A "]
[Site "Polanica-Zdroj"]
[Date "1899-12-30"]
[Round "5.28"]
[White "Wasylkiewicz, Andrzej"]
[Black "Kies, Mariusz"]
[Result "0-1"]
[WhiteTitle "I"]
[BlackTitle "k"]
[WhiteElo "1816"]
[BlackElo "2043"]

1. e4 c5 2. Nc3 Nc6 3. g3 g6 4. Bg2 Bg7 5. d3 d6 6. Nge2 e6 7. Bd2 Nge7 8. Qc1
Nd4 9. Nxd4 cxd4 10. Ne2 e5 11. Bh6 O-O 12. h4 f6 13. Bxg7 Kxg7 14. O-O Bg4 15.
f3 Be6 16. c4 dxc3 17. Nxc3 Qb6+ 18. Kh2 Rac8 19. Qd2 d5 20. f4 d4 21. Na4 Qd6
22. b3 b5 23. Nb2 Rc3 24. Nd1 Rc7 25. fxe5 Qxe5 26. Nf2 Rfc8 27. Rfc1 Rc3 28.
Nd1 R3c5 29. Rab1 Qc7 30. Rxc5 Qxc5 31. Rb2 Qc1 32. Qe2 Rc5 33. Bf3 a5 34. Qg2
Nc6 35. g4 Ne5 36. Be2 g5 37. hxg5 Qxg5 38. Nf2 Qh4+ 39. Kg1 Rc1+ 40. Bf1 Nxg4
41. Nxg4 Qxg4 42. Qxg4+ Bxg4 43. Kf2 Kg6 44. Rd2 Rc3 45. Kg3 Kg5 46. Bg2 h5 47.
Bf3 h4+ 48. Kg2 a4 49. bxa4 bxa4 50. Kf2 a3 51. Bg2 Rc1 52. Bf1 Rb1 0-1

[Event "54. Miedzynarodowy Festiwal Szachowy im. Akiby Rubinsteina<br/>OPEN A "]
[Site "Polanica-Zdroj"]
[Date "1899-12-30"]
[Round "5.29"]
[White "Duda, Lucas"]
[Black "Litner, Igor"]
[Result "1/2-1/2"]
[WhiteTitle ""]
[BlackTitle "I++"]
[WhiteElo "1874"]
[BlackElo "1990"]

1. e4 d6 2. d4 Nf6 3. Nc3 e5 4. Nf3 Nbd7 5. Bc4 Be7 6. a4 O-O 7. O-O c6 8. h3 Qc7
9. Ba2 b6 10. Re1 Bb7 11. Nh4 g6 12. Nf3 Nh5 13. Bh6 Ng7 14. Qd2 a6 15. Bg5 Bxg5
16. Qxg5 b5 17. axb5 axb5 18. b4 Kh8 19. dxe5 dxe5 20. Bb3 f6 21. Qh6 Rfd8 22.
Rad1 Nf8 23. Qe3 Nge6 24. g3 Kg7 25. Kg2 Bc8 26. h4 h5 27. Ne2 Bd7 28. Rc1 Be8
29. c4 Qa7 30. Qc3 bxc4 31. Bxc4 c5 32. Ra1 Qb6 33. bxc5 Qxc5 34. Bd5 Qxc3 35.
Nxc3 Rxa1 36. Rxa1 Bf7 37. Ra7 Rd7 38. Rxd7 1/2-1/2

[Event "54. Miedzynarodowy Festiwal Szachowy im. Akiby Rubinsteina<br/>OPEN A "]
[Site "Polanica-Zdroj"]
[Date "1899-12-30"]
[Round "5.30"]
[White "Mirski, Michal"]
[Black "Antoniewicz, Jakub"]
[Result "0-1"]
[WhiteTitle "I"]
[BlackTitle "II+"]
[WhiteElo "1981"]
[BlackElo "1769"]

1. e4 g6 2. d4 d6 3. Nc3 Bg7 4. f4 Nf6 5. Nf3 c5 6. dxc5 Qa5 7. Bd2 Qxc5 8. Bd3
O-O 9. Qe2 a6 10. O-O-O Bg4 11. h3 Bxf3 12. Qxf3 Nc6 13. Be3 Qa5 14. Qf2 Nd7 15.
Bd2 Nc5 16. a3 Nb4 17. Kb1 Nbxd3 18. cxd3 Nxd3 19. Qf3 Nc5 20. b4 Qxa3 21. bxc5
Qb3+ 22. Kc1 Rfc8 23. e5 Rxc5 24. Rhe1 Rac8 0-1

[Event "54. Miedzynarodowy Festiwal Szachowy im. Akiby Rubinsteina<br/>OPEN A "]
[Site "Polanica-Zdroj"]
[Date "1899-12-30"]
[Round "5.31"]
[White "Szylko, Waldemar"]
[Black "Wieczorek, Mikolaj"]
[Result "1-0"]
[WhiteTitle "k+"]
[BlackTitle "I"]
[WhiteElo "1956"]
[BlackElo "1757"]

1. e4 c5 2. Nc3 Nc6 3. g3 g6 4. d3 Bg7 5. Bg2 e6 6. f4 Nge7 7. Nf3 O-O 8. Be3 d6
9. O-O Nd4 10. Rb1 Rb8 11. Ne2 Nec6 12. c3 Nxe2+ 13. Qxe2 b6 14. d4 cxd4 15. cxd4
d5 16. exd5 exd5 17. Ne5 Ne7 18. Rbc1 Bb7 19. Bh3 Nf5 20. Bxf5 gxf5 21. Qh5 f6
22. Nf3 Qe8 23. Qxe8 Rfxe8 24. Kf2 Rbc8 25. Nh4 Ba6 26. Rfd1 Rxc1 27. Rxc1 Rc8
28. Nxf5 Rxc1 29. Bxc1 Kf7 30. Bd2 Bf8 31. a3 Ke6 32. Ne3 f5 33. h3 Bg7 34. Bc3
h5 35. Kf3 Bd3 36. g4 hxg4+ 37. hxg4 fxg4+ 38. Kxg4 Be4 39. Nf1 Bf5+ 40. Kf3 a6
41. Ke3 Bf6 42. Be1 Bh3 43. Nd2 Kf5 44. Nb1 Bg2 45. Bb4 Bh4 46. Nc3 Bg3 47. Bd6
Bh2 48. Be5 Bg1+ 49. Kd2 Bh2 50. Na4 Bxf4+ 51. Bxf4 Kxf4 52. Nxb6 Ke4 53. Kc3
Bh3 54. Na4 Bf1 55. Nc5+ Kf5 56. Kb4 Kf4 57. Kc3 Kf5 58. b3 Kf4 59. Kd2 a5 60.
a4 Kf5 61. Nb7 Ke4 62. Kc3 1-0

[Event "54. Miedzynarodowy Festiwal Szachowy im. Akiby Rubinsteina<br/>OPEN A "]
[Site "Polanica-Zdroj"]
[Date "1899-12-30"]
[Round "5.32"]
[White "Klein, Gernot, Dr."]
[Black "Derylo, Kamil"]
[Result "1-0"]
[WhiteTitle "m"]
[BlackTitle "I"]
[WhiteElo "1922"]
[BlackElo "1833"]

1. e4 c5 2. Nf3 d6 3. d4 cxd4 4. Nxd4 Nf6 5. Nc3 a6 6. Be3 e6 7. f3 b5 8. g4 Nbd7
9. a4 b4 10. Na2 Bb7 11. g5 Ng8 12. Be2 d5 13. exd5 Bxd5 14. c4 bxc3 15. Nxc3
Bb4 16. Kf2 Ne7 17. Rc1 O-O 18. h4 Bc5 19. Qd2 Qb6 20. a5 Qd6 21. h5 Bxd4 22.
Qxd4 Nf5 23. Qf4 Ne5 24. Nxd5 Qxd5 25. Rhd1 Qxa5 26. Rc5 Qa2 27. Qxe5 Nxe3 28.
Qxe3 Qxb2 29. Rd2 Qb4 30. Rc4 Qb8 31. Kg2 Rd8 32. Rxd8+ Qxd8 33. Rd4 Qa5 34. Qd2
Qb6 35. Bxa6 1-0

[Event "54. Miedzynarodowy Festiwal Szachowy im. Akiby Rubinsteina<br/>OPEN A "]
[Site "Polanica-Zdroj"]
[Date "1899-12-30"]
[Round "5.33"]
[White "Jablonski, Miroslaw"]
[Black "Skiba, Aleksandra"]
[Result "1/2-1/2"]
[WhiteTitle "I++"]
[BlackTitle "I+"]
[WhiteElo "1915"]
[BlackElo "1625"]

1. d4 Nf6 2. Nf3 g6 3. c4 Bg7 4. Nc3 O-O 5. e4 d6 6. Be2 Nbd7 7. O-O e5 8. d5 Nc5
9. Qc2 a5 10. Be3 Nh5 11. Nd2 Nf4 12. Bxf4 exf4 13. a3 a4 14. b4 axb3 15. Nxb3
f5 16. Nxc5 dxc5 17. exf5 Bxf5 18. Qd2 Qf6 19. Rac1 f3 20. Bxf3 Rxa3 21. Ne2 Rxf3
22. gxf3 Bh3 23. Qe3 Bxf1 24. Rxf1 Qxf3 25. Qxf3 Rxf3 26. Kg2 Rf5 27. Rb1 b6 28.
f4 Kf7 29. d6 cxd6 30. Rxb6 Ke6 31. Rb7 Rf7 32. Rxf7 Kxf7 33. Kf3 Ke6 34. Ke4
Bf6 35. Ng3 Bh4 36. Nf1 Bf6 37. Ne3 Bh4 1/2-1/2

[Event "54. Miedzynarodowy Festiwal Szachowy im. Akiby Rubinsteina<br/>OPEN A "]
[Site "Polanica-Zdroj"]
[Date "1899-12-30"]
[Round "5.34"]
[White "Maciejewski, Kamil"]
[Black "Zak, Pawel"]
[Result "0-1"]
[WhiteTitle "I"]
[BlackTitle "I"]
[WhiteElo "1886"]
[BlackElo "1721"]

1. Nf3 c5 2. g3 Nf6 3. Bg2 Nc6 4. O-O g6 5. b3 Bg7 6. Bb2 d5 7. c4 e6 8. a3 O-O
9. Qc2 d4 10. d3 e5 11. Nbd2 h6 12. e4 Qc7 13. h3 Be6 14. Nh4 Nh5 15. Kh2 Bf6
16. Ndf3 Qd7 17. Bc1 Kh7 18. Bd2 Bg7 19. b4 b6 20. bxc5 bxc5 21. Ng1 Rab8 22.
Rab1 Ne7 23. f4 exf4 24. gxf4 Qc7 25. e5 Bxe5 26. Ne2 Rxb1 27. Qxb1 Rb8 28. Qc2
Bd6 29. Kh1 Qd7 30. Rf3 Nf5 31. Nxf5 Bxf5 32. Ng3 Bxh3 33. Ne4 Bxg2+ 34. Kxg2
Qg4+ 35. Kf2 Qh4+ 36. Kg2 Bc7 37. Nxc5 Re8 38. Ne4 f5 39. Qa4 Re7 40. Nf2 Bxf4
41. Bxf4 Nxf4+ 42. Kf1 Qg5 43. Rxf4 Qxf4 44. c5 Qc1+ 45. Kg2 Qxc5 46. Qa6 g5 47.
Qf6 Qe5 48. Qf8 g4 49. Kf1 h5 50. Qa8 h4 51. Qh1 Qe1+ 52. Kg2 h3+ 53. Nxh3 Qxh1+
54. Kxh1 gxh3 55. Kh2 Re3 56. Kg1 Kg6 57. Kh1 Kg5 58. Kg1 Kg4 59. Kh2 Re2+ 60.
Kh1 Kg3 61. Kg1 Re1# 0-1

[Event "54. Miedzynarodowy Festiwal Szachowy im. Akiby Rubinsteina<br/>OPEN A "]
[Site "Polanica-Zdroj"]
[Date "1899-12-30"]
[Round "5.35"]
[White "Jankowiak, Tomasz"]
[Black "Gospodarczyk, Wojciech"]
[Result "1/2-1/2"]
[WhiteTitle "k"]
[BlackTitle "II"]
[WhiteElo "2117"]
[BlackElo "1523"]

1. e4 d5 2. exd5 Qxd5 3. Nc3 Qa5 4. d4 c6 5. Nf3 Nf6 6. Bc4 Bf5 7. Ne5 e6 8. Bb3
Nbd7 9. Nc4 Qc7 10. g3 Nd5 11. Nxd5 cxd5 12. Bf4 Qc6 13. Ne3 Bg6 14. c3 Be7 15.
h4 h6 16. h5 Bh7 17. Bc2 Bxc2 18. Qxc2 e5 19. dxe5 d4 20. O-O-O dxe3 21. Bxe3
O-O-O 22. Rhe1 Bc5 23. Bxc5 Qxc5 24. e6 fxe6 25. Rxe6 Nf6 26. Rde1 Rhe8 27. R1e5
Qxe5 28. Rxe5 Rxe5 29. Qg6 Rd7 30. c4 Re1+ 31. Kc2 Re2+ 32. Kb3 Rxf2 1/2-1/2

[Event "54. Miedzynarodowy Festiwal Szachowy im. Akiby Rubinsteina<br/>OPEN A "]
[Site "Polanica-Zdroj"]
[Date "1899-12-30"]
[Round "5.36"]
[White "Czarniecka, Aleksandra"]
[Black "Sacharewicz, Krzysztof"]
[Result "0-1"]
[WhiteTitle "k"]
[BlackTitle "I++"]
[WhiteElo "1980"]
[BlackElo "1775"]

1. e4 Nf6 2. Nc3 d5 3. e5 d4 4. exf6 dxc3 5. fxe7 cxd2+ 6. Bxd2 Bxe7 7. Qf3 Nd7
8. O-O-O O-O 9. Bc3 Bf6 10. Ne2 Bxc3 11. Nxc3 Qg5+ 12. Kb1 Ne5 13. Qd5 c6 14.
Qd2 Qxd2 15. Rxd2 Be6 16. f4 Ng6 17. g3 Rad8 18. Rf2 Ne7 19. Bd3 Bf5 20. Re2 Rxd3
21. Rxe7 Rd7 22. Rxd7 Bxd7 23. Ne4 b6 24. Nd6 Rd8 25. Nc4 Bf5 26. Re1 f6 27. Kc1
Kf7 28. Rg1 h5 29. Re1 b5 30. Nd2 a5 31. c3 a4 32. Nf3 c5 33. Nh4 Bd3 34. Rd1
Rd7 35. Nf3 Bf5 36. Rxd7+ Bxd7 37. Kd2 Bc6 38. Ng1 Ke6 39. Ke3 g5 40. Ne2 Bd5
41. a3 Bc4 42. Ng1 g4 43. Kd2 Kd5 44. Ke3 f5 45. h3 Bf1 46. hxg4 hxg4 47. Kf2
Bd3 48. Ke3 Bc4 49. Kf2 Ke4 50. Ne2 Bxe2 51. Kxe2 c4 52. Kf2 Kd3 53. Ke1 Kc2 0-1

[Event "54. Miedzynarodowy Festiwal Szachowy im. Akiby Rubinsteina<br/>OPEN A "]
[Site "Polanica-Zdroj"]
[Date "1899-12-30"]
[Round "5.37"]
[White "Cap, Piotr"]
[Black "Galant, Ireneusz"]
[Result "1-0"]
[WhiteTitle "I"]
[BlackTitle "I"]
[WhiteElo "1877"]
[BlackElo "1768"]

1. d4 Nf6 2. c4 d6 3. Nc3 g6 4. e4 Bg7 5. f3 Nbd7 6. Be3 c6 7. Qd2 h5 8. Bd3 Qc7
9. Nge2 b6 10. O-O Bb7 11. a4 a5 12. h3 Ba6 13. f4 e5 14. fxe5 dxe5 15. d5 Nc5
16. Bxc5 bxc5 17. Qg5 Qd6 18. Rf3 Nh7 19. Qe3 Bb7 20. dxc6 Bxc6 21. Nb5 Bxb5 22.
cxb5 O-O 23. Bc4 Ra7 24. Bd5 Kh8 25. Rc1 Rc7 26. Qd2 Qb6 27. Bc6 Bf6 28. Rcf1
Bg5 29. Qd5 f6 30. Nc3 Rg7 31. Qc4 Qa7 32. Nd5 Bh4 33. b6 Qb8 34. Qxc5 Ng5 35.
Re3 Ne6 36. Qxa5 Nd4 37. Bb5 Bg5 38. Rc3 Kh7 39. Rc7 Rff7 40. Qa6 Qd8 41. Qb7
Qf8 42. Ba6 Ne6 43. Rxf7 Rxf7 44. Qc8 Qd6 45. b4 Nf4 46. b7 Rf8 47. Qc7+ Qxc7
48. Nxc7 Rb8 49. Rd1 f5 50. g3 Ne2+ 51. Bxe2 Rxb7 52. Nd5 fxe4 53. a5 h4 54. gxh4
Bxh4 55. b5 e3 56. a6 Rf7 57. Rf1 Bf2+ 58. Kg2 Rf5 59. a7 1-0

[Event "54. Miedzynarodowy Festiwal Szachowy im. Akiby Rubinsteina<br/>OPEN A "]
[Site "Polanica-Zdroj"]
[Date "1899-12-30"]
[Round "5.38"]
[White "Chmiel, Piotr"]
[Black "Trusz, Julia"]
[Result "1/2-1/2"]
[WhiteTitle "I+"]
[BlackTitle "I+"]
[WhiteElo "1865"]
[BlackElo "1684"]

1. e4 c6 2. d4 d5 3. exd5 cxd5 4. c4 Nf6 5. Nc3 Nc6 6. Nf3 Bg4 7. Be2 e6 8. O-O
Be7 9. cxd5 Nxd5 10. Qa4 O-O 11. Rd1 Bf6 12. Ne4 Nb6 13. Qb5 Bxf3 14. Bxf3 Nxd4
15. Qd3 Nxf3+ 16. Qxf3 Qe7 17. Be3 Rfc8 18. Nxf6+ Qxf6 19. Qxb7 Qxb2 20. Rab1
Qe5 21. Bxb6 axb6 22. Rxb6 Rcb8 23. Ra6 Rxa6 24. Qxa6 g6 25. h3 Rb2 26. Qc8+ Kg7
27. Qc4 Qf6 28. Rf1 Qd8 29. Qc3+ Qf6 30. Qc4 Qd8 31. Qc3+ Qf6 32. Qc4 Qd8 1/2-1/2

[Event "54. Miedzynarodowy Festiwal Szachowy im. Akiby Rubinsteina<br/>OPEN A "]
[Site "Polanica-Zdroj"]
[Date "1899-12-30"]
[Round "5.39"]
[White "Tsesler, Yakau"]
[Black "Witwicki, Pawel"]
[Result "1/2-1/2"]
[WhiteTitle ""]
[BlackTitle "I+"]
[WhiteElo "1709"]
[BlackElo "1854"]

1. d4 d6 2. e4 Nf6 3. f3 e5 4. dxe5 dxe5 5. Qxd8+ Kxd8 6. Bc4 Be6 7. Bxe6 fxe6
8. Be3 Bd6 9. Nd2 Ke7 10. Nc4 Nc6 11. O-O-O b5 12. Nxd6 cxd6 13. Ne2 b4 14. Rd2
d5 15. exd5 exd5 16. Bg5 Rad8 17. Rhd1 Ke6 18. Re1 Kf7 19. Red1 Ke6 20. Re1 Kf7
21. Red1 Ne7 22. Bh4 Rhe8 23. b3 h6 24. Bf2 d4 25. Rd3 g5 26. g3 Nf5 27. g4 Ng7
28. Bg3 Rd5 29. Kb1 Ra5 30. Nc1 Nd5 31. Re1 Nc3+ 32. Kb2 Kf6 33. h3 Re6 34. Bh2
Rea6 35. a4 bxa3+ 36. Ka1 Rc6 37. Rd2 Rb5 38. Nd3 Ne6 39. Bxe5+ Kf7 40. Bh2 Rcb6
41. Ne5+ Kg8 42. Nc4 Rc6 43. Nd6 Rxb3 44. cxb3 Nc5 45. Re8+ Kh7 46. Rb8 Rb6 47.
Rxb6 axb6 48. Rb2 axb2+ 49. Kxb2 Nd3+ 50. Ka1 Ne1 51. Be5 Nxf3 52. Bf6 Nd5 53.
Ne4 Nxf6 54. Nxf6+ Kg6 55. Nd5 Ng1 56. Nxb6 Nxh3 57. Nc4 Nf2 58. b4 Nd3 59. b5
h5 60. b6 Nc5 61. gxh5+ Kxh5 62. Kb1 g4 63. Ne5 Kg5 64. Kc2 Kf4 65. Nxg4 Kxg4
66. b7 Nxb7 67. Kd3 1/2-1/2

[Event "54. Miedzynarodowy Festiwal Szachowy im. Akiby Rubinsteina<br/>OPEN A "]
[Site "Polanica-Zdroj"]
[Date "1899-12-30"]
[Round "5.40"]
[White "Fraczek, Weronika"]
[Black "Kejna, Piotr"]
[Result "1-0"]
[WhiteTitle "k+"]
[BlackTitle "CM"]
[WhiteElo "1844"]
[BlackElo "1655"]

1. e4 e6 2. d4 c5 3. Nf3 cxd4 4. Nxd4 Bc5 5. Nb3 Bb6 6. Nc3 Ne7 7. Qg4 O-O 8. Bd3
f5 9. exf5 Nxf5 10. O-O d5 11. Bf4 Nc6 12. Rae1 Qf6 13. Bxf5 Qxf5 14. Qxf5 Rxf5
15. Bd6 d4 16. Na4 e5 17. Nxb6 axb6 18. a3 Be6 19. Nd2 b5 20. f4 Re8 21. fxe5
g6 22. Ne4 Kg7 23. Nc5 Rxf1+ 24. Kxf1 Bf5 25. Nd3 Bxd3+ 26. cxd3 Kf7 27. Kf2 Ke6
28. Rc1 Nxe5 29. Bxe5 Rf8+ 30. Ke2 Kxe5 31. Rc7 b6 32. Rxh7 Rf6 33. Re7+ Kd5 34.
Re4 Rf5 35. h4 Rf7 36. Rg4 Rf6 37. g3 Kc5 38. Rg5+ Kc6 39. Re5 b4 40. axb4 Rd6
41. Kf3 Rf6+ 42. Ke4 Kd6 43. Rg5 b5 44. g4 Kc6 45. Rd5 1-0

[Event "54. Miedzynarodowy Festiwal Szachowy im. Akiby Rubinsteina<br/>OPEN A "]
[Site "Polanica-Zdroj"]
[Date "1899-12-30"]
[Round "5.41"]
[White "Pawicka, Magdalena"]
[Black "Lemanski, Piotr"]
[Result "1/2-1/2"]
[WhiteTitle "I"]
[BlackTitle "II"]
[WhiteElo "1647"]
[BlackElo "1838"]

1. e4 e5 2. Nf3 Nc6 3. d4 exd4 4. Nxd4 Qf6 5. Be3 Bc5 6. c3 Nge7 7. Qd2 d5 8. Nb5
Bxe3 9. Qxe3 O-O 10. Nxc7 Rb8 11. Bd3 dxe4 12. Bxe4 Qe5 13. Bxc6 Qxe3+ 14. fxe3
bxc6 15. b4 Rd8 16. Na3 Bb7 17. b5 cxb5 18. Ncxb5 Bxg2 19. Rg1 Be4 20. Rd1 Rxd1+
21. Kxd1 a6 22. Nd4 Rb2 23. Rg5 f5 24. Nc4 Rxa2 25. Nd6 Bd3 26. N6xf5 Nxf5 27.
Nxf5 g6 28. Nd6 Rxh2 29. c4 Rh5 30. Rxh5 gxh5 31. c5 Kf8 32. c6 Bf1 33. c7 Bh3
34. c8=Q+ Bxc8 35. Nxc8 Kf7 36. Ke2 Ke6 37. Kf3 h4 38. Kg4 Ke5 39. Kxh4 Ke4 40.
Kh5 Kxe3 41. Kh6 Kd4 42. Nb6 Kc5 43. Na4+ Kb4 44. Nb6 Kb5 45. Nd5 Kc5 46. Nc3
a5 47. Kxh7 Kc4 48. Na4 Kb4 49. Nb6 Kb5 50. Nd5 Kc5 51. Nc3 Kb4 52. Nd5+ Kb5 53.
Kg6 Kc5 54. Nc3 Kb4 55. Nd5+ Kb3 56. Nb6 Kb4 57. Kf5 Kb5 58. Nd5 1/2-1/2

[Event "54. Miedzynarodowy Festiwal Szachowy im. Akiby Rubinsteina<br/>OPEN A "]
[Site "Polanica-Zdroj"]
[Date "1899-12-30"]
[Round "5.42"]
[White "Jedynak, January"]
[Black "Lukasik, Zuzanna"]
[Result "1-0"]
[WhiteTitle "I+"]
[BlackTitle "I++"]
[WhiteElo "1827"]
[BlackElo "1517"]

1. e4 c5 2. Nf3 a6 3. c3 d5 4. exd5 Qxd5 5. d4 Nf6 6. Be2 e6 7. O-O Nc6 8. Be3
cxd4 9. cxd4 Be7 10. Nc3 Qd8 11. Rc1 O-O 12. Bd3 Nb4 13. Bb1 Nbd5 14. Ne5 Bd7
15. Qf3 Rc8 16. Bg5 Nxc3 17. Rxc3 Nd5 18. Rxc8 Bxc8 19. Bxe7 Qxe7 20. Rc1 f5 21.
Rc4 Bd7 22. Bc2 Bb5 23. Rc5 b6 24. Rxd5 Qc7 25. Bb3 Qc1+ 26. Bd1 Be2 27. Qxe2
exd5 28. g3 Qc7 29. Bb3 Qd6 30. Qf3 g6 31. Qxd5+ Qxd5 32. Bxd5+ Kg7 33. Bc6 Rd8
34. d5 b5 35. f4 h6 36. h4 b4 37. Kf2 Kf6 38. Ke3 g5 39. hxg5+ hxg5 40. Kd4 gxf4
41. gxf4 Rh8 42. Kc5 Rh2 43. d6 Rxb2 44. d7 Rd2 45. Kxb4 Ke7 46. a4 Rd4+ 47. Kc5
Rd1 48. Kb6 Rd4 49. Kc7 a5 50. Ng6+ Kf6 51. d8=Q+ Rxd8 52. Kxd8 Kxg6 53. Kc7 Kh5
54. Kb6 Kg4 55. Kxa5 Kxf4 56. Kb6 Ke5 57. a5 1-0

[Event "54. Miedzynarodowy Festiwal Szachowy im. Akiby Rubinsteina<br/>OPEN A "]
[Site "Polanica-Zdroj"]
[Date "1899-12-30"]
[Round "5.43"]
[White "Jankowski, Aleksander"]
[Black "Vanduyfhuys, Igor"]
[Result "1-0"]
[WhiteTitle "I"]
[BlackTitle "II+"]
[WhiteElo "1728"]
[BlackElo "1687"]

1. e4 c5 2. Nc3 Nc6 3. f4 d6 4. Bb5 Bd7 5. Nf3 e6 6. O-O Be7 7. d3 a6 8. Bxc6 Bxc6
9. Ne2 Nf6 10. Ng3 O-O 11. f5 Nd7 12. Qe2 e5 13. Bd2 d5 14. Bc3 d4 15. Bd2 Bh4
16. Nh1 Rc8 17. g4 Be7 18. g5 f6 19. Qg2 Re8 20. h4 c4 21. h5 fxg5 22. Nxg5 Nf8
23. h6 g6 24. fxg6 Nxg6 25. Rf7 Bxg5 26. Rg7+ Kh8 27. Bxg5 Qd6 28. Ng3 Rf8 29.
Nh5 cxd3 30. cxd3 Ba4 31. Rf1 Nf4 32. Bxf4 exf4 33. Rxh7+ 1-0

[Event "54. Miedzynarodowy Festiwal Szachowy im. Akiby Rubinsteina<br/>OPEN A "]
[Site "Polanica-Zdroj"]
[Date "1899-12-30"]
[Round "6.1"]
[White "Nurkiewicz, Maciej"]
[Black "Lewtak, Damian"]
[Result "1/2-1/2"]
[WhiteTitle "m"]
[BlackTitle "m"]
[WhiteElo "2371"]
[BlackElo "2369"]

1. e4 c5 2. Nf3 e6 3. d4 cxd4 4. Nxd4 Nc6 5. Nb5 d6 6. c4 Nf6 7. N1c3 a6 8. Na3
Be7 9. Be2 O-O 10. O-O b6 11. Be3 Bb7 12. f3 Ne5 13. Qd4 Ned7 14. Rfd1 Re8 15.
Nc2 Rc8 16. Rac1 Qc7 17. Qd2 Qb8 18. Kh1 Bf8 19. Bf4 Ne5 20. b3 Red8 21. Qe3 Nfd7
22. Bg3 Ng6 23. Rd2 e5 24. Nb4 a5 25. Nbd5 Bc6 26. Rdc2 Nc5 27. Rb1 Rd7 28. b4
axb4 29. Rxb4 Rb7 30. Rcb2 Qa7 31. Nxb6 Rcb8 32. Nbd5 Bxd5 33. Nxd5 Rxb4 34. Rxb4
Rxb4 35. Nxb4 Qa4 36. a3 Nf4 37. Bxf4 exf4 38. Qc3 g6 39. Nd5 Bg7 40. Qc1 Qb3
41. Nxf4 Bb2 42. Qd1 Qxd1+ 43. Bxd1 Bxa3 44. g3 g5 45. Nd5 Kg7 46. Bc2 Nd7 47.
Kg2 Bc5 48. Bd3 Nb6 49. Ne7 Kf6 50. Nf5 Nc8 51. f4 gxf4 52. gxf4 Ne7 53. Ng3 Ba3
54. Kf3 Ng6 55. Kg4 Bc1 56. Ne2 Bd2 57. Bc2 Nf8 58. h4 Ne6 59. e5+ dxe5 60. fxe5+
Kxe5 61. Bxh7 Nd4 62. Ng3 Be1 63. h5 f5+ 64. Nxf5 Nxf5 65. Bxf5 Kf6 66. h6 Bb4
67. Be4 Ba5 1/2-1/2

[Event "54. Miedzynarodowy Festiwal Szachowy im. Akiby Rubinsteina<br/>OPEN A "]
[Site "Polanica-Zdroj"]
[Date "1899-12-30"]
[Round "6.2"]
[White "Frolov, Artur"]
[Black "Sabuk, Piotr"]
[Result "1/2-1/2"]
[WhiteTitle "IM"]
[BlackTitle "IM"]
[WhiteElo "2420"]
[BlackElo "2377"]

1. e4 e6 2. d4 d5 3. Nd2 c5 4. exd5 Qxd5 5. Ngf3 cxd4 6. Bc4 Qd6 7. O-O Nf6 8.
Nb3 Nc6 9. Nbxd4 Nxd4 10. Nxd4 a6 11. Re1 Qc7 12. Bf1 Bd7 13. Qf3 Bd6 14. Nf5
Bxh2+ 15. Kh1 Rg8 16. Qa3 Bc6 17. f4 Ne4 18. Rxe4 Bxe4 19. Nd6+ Kd7 20. Nxe4 Bxf4
21. Bxf4 Qxf4 22. Rd1+ Kc8 23. Nd6+ Kb8 24. g3 Qe5 25. Qf3 Ra7 26. Bg2 b5 27.
Nxf7 Qf5 28. Nd8 Qxf3 29. Bxf3 Kc8 30. Nxe6 Rd7 31. Rxd7 Kxd7 32. Nc5+ Kd6 33.
Nxa6 Ke5 34. Nb4 Kd4 35. Kg2 Ke3 36. Bc6 Rb8 37. c3 h5 38. a3 Kd2 39. a4 bxa4
40. Bxa4 g5 41. Kh3 Ke1 42. Bc2 Rb6 43. Bf5 Kf2 44. Nd3+ Kf3 45. c4 Ra6 46. Be4+
Ke3 47. Kg2 Ra4 48. Bg6 Rxc4 49. Nf2 h4 50. gxh4 Rxh4 51. Kg3 Rb4 52. Bf7 Kd2
53. b3 Kc2 54. Ne4 Rxe4 55. Bg6 Kxb3 56. Bxe4 1/2-1/2

[Event "54. Miedzynarodowy Festiwal Szachowy im. Akiby Rubinsteina<br/>OPEN A "]
[Site "Polanica-Zdroj"]
[Date "1899-12-30"]
[Round "6.3"]
[White "Manik, Mikulas"]
[Black "Psyk, Radoslaw"]
[Result "1/2-1/2"]
[WhiteTitle "GM"]
[BlackTitle "k++"]
[WhiteElo "2408"]
[BlackElo "2304"]

1. e4 c5 2. Nf3 e6 3. d4 cxd4 4. Nxd4 Nc6 5. Nc3 Qc7 6. Be3 a6 7. Qf3 Nf6 8. O-O-O
Be7 9. Bf4 e5 10. Bg3 Nxd4 11. Rxd4 d6 12. Rd2 b5 13. Bh4 b4 14. Nd1 Be6 15. Bxf6
Bxf6 16. Kb1 Bg5 17. Ne3 O-O 18. h4 Bxe3 19. Qxe3 Qa5 20. b3 Rfc8 21. Rxd6 Rxc2
22. Kxc2 Qc7+ 23. Bc4 Qxd6 24. Rd1 Qc7 25. Qd3 h6 26. Kb2 Bxc4 27. Qxc4 Qb6 28.
Rd2 a5 29. h5 Qa7 30. Qc6 Rf8 31. g3 Qe7 32. Qd5 Qg5 33. Rc2 Qg4 34. Qxe5 Qd1
35. Qd5 Qe1 36. Qxa5 Qxe4 37. Rd2 Re8 38. f4 Kh7 39. Qc5 Qe1 40. Rc2 Qe4 41. Qc4
Qb7 42. Re2 Rxe2+ 43. Qxe2 Qa8 44. g4 Kg8 45. Qf2 Qc8 46. Qf3 Qd8 47. a4 Qd4+
48. Kc2 Qc5+ 49. Kd2 Qd4+ 50. Ke2 Qb2+ 51. Kf1 Qc1+ 52. Kg2 Qd2+ 53. Kh3 Qc3 54.
Qg3 f6 55. Kh4 Qd2 56. Kh3 Qc3 57. f5 Kh7 58. Kh4 Qc1 59. Qf2 1/2-1/2

[Event "54. Miedzynarodowy Festiwal Szachowy im. Akiby Rubinsteina<br/>OPEN A "]
[Site "Polanica-Zdroj"]
[Date "1899-12-30"]
[Round "6.4"]
[White "Djuric, Stefan"]
[Black "Jaskolka, Tomasz"]
[Result "1-0"]
[WhiteTitle "GM"]
[BlackTitle "k+"]
[WhiteElo "2352"]
[BlackElo "2165"]

1. e4 e6 2. Qe2 c5 3. Nf3 Nc6 4. g3 g6 5. Bg2 Bg7 6. O-O Nge7 7. c3 d5 8. e5 g5
9. Nxg5 Bxe5 10. d3 h6 11. Nf3 Bd6 12. Na3 a6 13. Nc2 Bd7 14. b4 b6 15. Rb1 Qc7
16. bxc5 bxc5 17. Ne3 Ne5 18. Nxe5 Bxe5 19. c4 Bc6 20. cxd5 exd5 21. Ng4 Bg7 22.
Re1 Kf8 23. Bf4 Qd7 24. Ne5 Qe6 25. Nxc6 Nxc6 26. Qh5 Qd7 27. Qxd5 Qxd5 28. Bxd5
Rc8 29. Bxc6 Bc3 30. Rec1 1-0